000 00874nam a2200229Ii 4500
003 JO-AjNU
008 230605s9999||||xx |||||||||||||| ||und||
017 _a2013/1/310
020 _a978-9957-33-332-4
040 _aJO-AjNU
_bara
_erda
_cJO-AjNU
041 _aara
050 1 4 _aHD30.24.J354.2013
100 3 _aالجميلي،حميد جاسم/عبدالحليم محمد جبران,
_eauthor
_945636
245 0 0 _aالجدوى الاقتصادية وتقييم المشاريع القضايا ومنظومة المعايير المستخدمة
250 _aط1
264 3 1 _aعمان:مؤسسة الوراق للنشر والتوزيع،2013
300 _a339ص
336 _atext
_btxt
_2rdacontent
337 _aunmediated
_bn
_2rdamedia
338 _avolume
_bnc
_2rdacarrier
650 4 _aالجدوى الاقتصادية-تقييم المشروعات
_945637
999 _aA19797
_c23365
_d23365